| 000 | 00866 a2200217 4500 | ||
|---|---|---|---|
| 005 | 20080826144925.0 | ||
| 008 | 080826t xxu||||| |||| 00| 0 eng d | ||
| 010 | _aENG-87208 | ||
| 020 |
_a8178793997 _c195.00 |
||
| 035 | _aEN-87208 | ||
| 037 | _bDBAD / PUB | ||
| 082 | _a613.7046 | ||
| 100 | _aDebnath, Manika | ||
| 245 |
_aBasic core fitness through yoga and naturopathy _cby Manika Debnath |
||
| 260 |
_aNew Delhi _bSports Publications _c2007 |
||
| 270 |
_aG-6, 23/23-B, EMCA House, Ansari Road, Darya Ganj, New Delhi _bNew Delhi _e110 002 |
||
| 300 |
_a64 p. _c24 cm (Hb.) |
||
| 500 | _aIncludes bibliograpgical references | ||
| 942 |
_adpl _cEN _k613.7046/DEB _2ddc _h613.7046 _mDEB |
||
| 999 |
_c6262 _d6262 |
||